Paedagógiai [Pedagógiai] programértekezések
Elmentve itt :
| Dokumentumtípus: | Cikk |
|---|---|
| Megjelent: |
1900
|
| Sorozat: | Magyar pedagógia : a Magyar Tudományos Akadémia Pedagógiai Bizottságának folyóirata
9 |
| Kulcsszavak: | Pedagógia 1900 |
| Online Access: | http://misc.bibl.u-szeged.hu/7628 |
| LEADER | 00599nab a2200169 i 4500 | ||
|---|---|---|---|
| 001 | misc7628 | ||
| 005 | 20191106144117.0 | ||
| 008 | 170607s1900 hu o 0|| hun d | ||
| 022 | |a 0025-0260 | ||
| 040 | |a SZTE Miscellanea Repozitórium |b hun | ||
| 041 | |a hun | ||
| 245 | 0 | 0 | |a Paedagógiai [Pedagógiai] programértekezések |h [elektronikus dokumentum] |
| 260 | |c 1900 | ||
| 300 | |a 335-337 | ||
| 490 | 0 | |a Magyar pedagógia : a Magyar Tudományos Akadémia Pedagógiai Bizottságának folyóirata |v 9 | |
| 695 | |a Pedagógia 1900 | ||
| 856 | 4 | 0 | |u http://misc.bibl.u-szeged.hu/7628/1/mp_1900_335-337.pdf |z Dokumentum-elérés |